00297nam a2200121Ia 45000030006000000080041000060400015000471000018000622450035000802600031001155460012001460050017001580STCL150530s9999 xx 000 0 und d aSTCLcSTCL aPearson, M.N. aNew Cambridge history of India bCambridge universityc1987 aEnglish20220125165332.0